00338pab a2200133 454500008004000000100001800040245006500058260000900123300001300132362001200145650001900157650001100176773001700187180718b1998 xxu||||| |||| 00| 0 eng d aMohan Rao, K. aTowards understanding culture of tribal communities in India c1998 ap.103-18 aMar-Jun aTribes - India aTribes aMan in India